Nommez les 20 derniers champions du monde de Formule 1 - Statistiques

Statistiques générales
  • Ce quiz a été pris 92 fois
  • Le résultat moyen est 12 sur 20
Statistiques - réponses
Hint Réponse % Correct
2024 Max Verstappen
96%
Lewis Hamilton
95%
Michael Schumacher
81%
Sebastian Vettel
81%
Alain Prost
80%
Fernando Alonso
80%
Nico Rosberg
74%
Ayrton Senna
73%
Kimi Räikkönen
69%
Jacques Villeneuve
64%
Niki Lauda
57%
Mika Häkkinen
54%
Jenson Button
49%
Damon Hill
45%
Nelson Piquet
45%
Nigel Mansell
41%
Keke Rosberg
28%
Alan Jones
23%
1978 Mario Andretti
20%
Jody Scheckter
19%
Aucun quiz correspondant
Distribution des résultats
% des personnes avec chaque résultat
Percentile par nombre de réponses
Votre historique - résultats
Vous n’avez pas pris ce quiz